书目信息 |
| 题名: |
美国电影摄影师手册
|
|
| 作者: | 克拉克 , Clarke , 泰勒 , Tyler 著 ;王学林 , 顾岳迁 译 | |
| 分册: | ||
| 出版信息: | 北京 中国电影出版社 1987 |
|
| 页数: | 747页 | |
| 开本: | 19cm | |
| 丛书名: | ||
| 单 册: | ||
| 中图分类: | TB878-62 , TB8-62 | |
| 科图分类: | ||
| 主题词: | 电影摄影--美国--手册 , 摄影技术 | |
| 电子资源: | ||
| ISBN: | ||
| 000 | 01088nam0 2200361 45 | |
| 001 | 0187006905 | |
| 005 | 20040520152451.0 | |
| 010 | @dCNY6.75 | |
| 091 | @a15061.234 | |
| 100 | @a19900808d1987 emky0chiy0121 ea | |
| 101 | 1 | @achi@ceng |
| 102 | @aCN@b110000 | |
| 105 | @afk z 000yy | |
| 106 | @ar | |
| 200 | 10 | @a美国电影摄影师手册@Amei guo dian ying she ying shi shou ce@f(美)克拉克(Clarke,C.G.), (美)泰勒(Tyler,T.W.)著@g王学林, 顾岳迁译 |
| 205 | @a第五版 | |
| 210 | @a北京@c中国电影出版社@d1987 | |
| 215 | @a747页@c图表@d19cm | |
| 300 | @a书名原文: American cinematographer manual | |
| 510 | 1 | @aAmerican cinematographer manual@zeng |
| 606 | @a电影摄影@y美国@x手册 | |
| 606 | 0 | @a摄影技术 |
| 690 | @aTB878-62@v3 | |
| 690 | @aTB8-62 | |
| 701 | 1 | @a克拉克@Ake la ke@bC.G.@4著 |
| 701 | A1 | @aClarke@bC.G.@4著 |
| 701 | 1 | @a泰勒@Atai le@bT.W.@4著 |
| 701 | A1 | @aTyler@bT.W.@4著 |
| 702 | 0 | @a王学林@Awang xue lin@4译 |
| 702 | 0 | @a顾岳迁@Agu yue qian@4译 |
| 801 | 0 | @aCN@b深圳图书馆@c20040520 |
| 801 | 2 | @aCN@bNLC@c20040520 |
| 905 | @f1@b203970@dTB8-62@e14 | |
| 美国电影摄影师手册/(美)克拉克(Clarke,C.G.), (美)泰勒(Tyler,T.W.)著/王学林, 顾岳迁译.-第五版.-北京:中国电影出版社,1987 |
| 747页:图表;19cm |
| 书名原文: American cinematographer manual |
| ISBN :CNY6.75 |
| ● |
| 相关链接 |
|
|
|
|
正题名:美国电影摄影师手册
索取号:TB8-62/14
 
预约/预借
| 序号 | 登录号 | 条形码 | 馆藏地/架位号 | 状态 | 备注 |
| 1 | 0203970 | 001359657 | 第三借阅区/ [索取号:TB8-62/14] | 在馆 |